| 000 | 00385pab a2200133 454500 | ||
|---|---|---|---|
| 008 | 180718b1989 xxu||||| |||| 00| 0 eng d | ||
| 245 | _aSeminar of local government management and finance held in Bombay from 20-23 Jan. 1989 | ||
| 260 | _c1989 | ||
| 300 | _a11-15 | ||
| 362 | _aJan. | ||
| 650 | _aMunicipal Finance | ||
| 773 | _aBrihan Mumbai Mahanagar Palika Patrika | ||
| 909 | _a13848 | ||
| 999 |
_c13848 _d13848 |
||